[Event "WCC cand"]
[Site "Cazorla"]
[Date "1998.06.04"]
[Round "9"]
[White "Kramnik, Vladimir"]
[Black "Shirov, Alexei"]
[Result "0-1"]
[WhiteElo "2790"]
[BlackElo "2710"]
[Annotator "Stohl,I"]
[PlyCount "95"]
[EventDate "1998.05.24"]
[EventType "match"]
[EventRounds "9"]
[EventCountry "ESP"]
[SourceTitle "CBM 065"]
[Source "ChessBase"]
[SourceDate "1998.08.06"]
[SourceVersion "1"]
[SourceVersionDate "1998.08.06"]
[SourceQuality "1"]

1. d4 {Sakaev} Nf6 2. c4 g6 3. f3 {Kramnik must go for it and he used the free
day to prepare a less played but nevertheless quite venomous side-line against
the Gruenfeld.} d5 4. cxd5 Nxd5 5. e4 Nb6 6. Nc3 Bg7 7. Be3 O-O 8. Qd2 ({
The short burst of popularity 3.f3 enjoyed in the middle of the eighties was
connected with} 8. f4 {But gradually satisfactory measures for Black were
found:} Nc6 9. d5 Na5 (9... Nb8 $5 10. a4 e5 11. a5 (11. f5 $5) 11... exf4 12.
Bxf4 (12. axb6 $6 fxe3 13. Rxa7 Bxc3+ 14. bxc3 Qh4+ 15. g3 Qxe4 $40) 12... N6d7
13. Nf3 Re8 $132) 10. Bd4 e5 11. Bxe5 Bxe5 12. fxe5 Qh4+ 13. g3 Qe7 14. Qd4 Rd8
15. b4 Nac4 $1 16. Nf3 Bg4 17. Bxc4 Bxf3 18. O-O Qxb4 19. e6 fxe6 20. Rxf3 Qxc4
21. Qf6 exd5 22. Qe6+ Kh8 23. Qe5+ Kg8 {1/2,Shishkin,V-Dvoirys,S/Moscow
Alekhine mem op/1996/}) 8... e5 $5 {Not a novelty, but the main move is} (8...
Nc6 9. O-O-O (9. d5 $6 Ne5 10. Bg5 c6 $14) (9. Rd1 f5 $5 $132) 9... e5 (9... a5
{Sakaev} 10. h4 a4 11. h5 e5 12. d5 Na5 $5) 10. d5 Nd4 11. f4 (11. Nb5 Nxb5 12.
Bxb5 Bd7 13. Be2 c6 14. dxc6 Bxc6 $11) 11... c5 12. fxe5 Bg4 $5 13. Re1 Bxe5
14. h3 Bd7 {Risky, but maybe more promising is} (14... Qh4 $5 {e.g.} 15. Bf2
Qh5 16. Bd3 Rac8 17. Kb1 f5 $5 $132 {[%csl Rh5] a hoci ma cierny damu mimo hry,
jeho protihra je dostatocne realna. and despite the misplaced Qh5 Black has
counterplay.}) 15. Nf3 Nxf3 16. gxf3 Qe7 {The ECO says Black is better here,
but objectively the position is at best unclear.} (16... Na4 17. Nxa4 Bxa4 18.
f4 Bg7 19. h4 c4 (19... Rc8 20. h5 c4 21. Bd4 Bxd4 22. Qxd4 Qc7 23. Qf6 Qd8 24.
Qc3 Qd6 25. Bh3 Qxf4+ 26. Kb1 Rce8 27. Qxc4 b5 28. Qd4 Qf3 29. e5 $16 {Yrjola,
J-Ebeling,M/FIN-ch/1988/}) 20. h5 c3 21. bxc3 Bxc3 22. Qxc3 Rc8 23. Bc4 b5 24.
hxg6 fxg6 25. Rxh7 Qf6 26. Qxf6 Rxc4+ 27. Kb2 Rxf6 28. Reh1 {1-0,Laine,
H-Holmsten,A/Tampere op/1989/}) (16... Re8 $5 17. h4 Qf6 18. Be2 h5 19. Bg5 Qg7
20. Bf4 Bd4 21. Kb1 Rac8 22. Rc1 a6 23. Be3 Bf6 24. Bd3 Kh7 25. f4 Bxc3 26.
bxc3 f5 27. exf5 Bxf5 28. Bxf5 gxf5 29. Rhg1 $36 {Bykhovsky,A-Liss,E/Tel Aviv
ASA/1996/}) 17. Bh6 (17. Bd3 f5 $5 18. exf5 Bxf5 19. Bh6 Rf7 20. Re2 $2 Bxd3
21. Qxd3 Qh4 22. Bd2 Qd4 $17 {Barbero,G-Stohl,I/HUN-chT/1997/}) (17. h4 h5 18.
Bd3 Na4 19. Nxa4 Bxa4 20. f4 c4 21. fxe5 cxd3 22. Bd4 Rac8+ 23. Kb1 Bc2+ 24.
Ka1 Rc4 25. Bc3 Ra4 26. Re3 b5 27. Rxd3 Bxd3 28. Qxd3 b4 29. b3 bxc3 30. bxa4
Qxe5 $17 {Enevoldsen,H-Bolbochan,J/Dubrovnik olm/1950/}) 17... Rfe8 18. f4 Bd4
19. Bd3 $13) 9. d5 $8 c6 10. h4 (10. d6 $143 $6 Be6 11. b3 N8d7 {[%csl Rd6]
><d6}) ({Interesting is} 10. O-O-O cxd5 11. exd5 f5 $5 (11... N8d7 $143 $6 12.
g4 $1 $40 {Varga,Zo-Ivacic/Ljubljana op/1994/}) 12. h4 $5 $13 {with a position,
which is very difficult to evaluate.}) (10. Rd1 {Sakaev}) (10. g4 $6 {Sakaev}
cxd5 11. exd5 e4 $1) 10... h5 $1 $146 (10... cxd5 11. exd5 N8d7 $6 (11... h5
$142) (11... f5 $5 {Sakaev} 12. h5 (12. O-O-O $6 Na6 13. h5 (13. Nh3 Bd7 14.
Ng5 Rc8) 13... gxh5 14. Nh3 (14. Rxh5 Bd7 15. g4 $6 Rc8 16. gxf5 Bxf5 17. Bd3
Nc4) 14... Bd7 15. Ng5 Rc8 16. d6 (16. Rxh5 Na4 17. d6 Nxc3 18. bxc3 Qa5) 16...
f4 17. Bxb6 Qxg5 18. Bxa7 e4 $40) 12... gxh5 13. Rxh5 (13. Nh3 N8d7 14. Ng5 (
14. g4 hxg4 15. fxg4 Nf6) 14... Nf6) 13... N8d7 14. Bh6 Nf6 15. Rg5 Ne8 16. f4
e4 17. O-O-O Qf6 18. Bxg7 Nxg7 19. Nge2 $14) 12. h5 Nf6 13. hxg6 fxg6 14. O-O-O
Bd7 15. g4 Rc8 16. Kb1 Nc4 17. Bxc4 Rxc4 18. Nge2 e4 $6 19. g5 exf3 20. gxf6
Qxf6 21. Nd4 h5 22. Rhf1 Bg4 23. Qd3 Rcc8 24. Ka1 $16 {Karasev,V-Zdrojevskij,W/
Leningrad/1990/}) 11. Be2 {Prevents a possible Bf5 by preparing g4.} ({But
maybe} 11. Rd1 $5 {would have saved a tempo.}) 11... cxd5 (11... cxd5 12. exd5
Bf5 $2 13. g4 $16) 12. exd5 N8d7 (12... Qd6 {Sakaev} 13. O-O-O $1) (12... Na6 {
Sakaev} 13. g4) (12... f5 $5 {Sakaev}) 13. d6 (13. g4 $2 hxg4 14. fxg4 Nf6 $17)
13... Nf6 14. Bg5 Re8 $6 {This logical move will give White tactical chances
connected with a later d7 advance with tempo.} ({Safer was} 14... Bd7 $5 $132 {
[%cal Yd7c6,Yd8d7] /\Bc6,Qd7}) ({Even} 14... Be6 $13 {immediately was better.})
(14... Be6 {Sakaev} 15. g4 Qd7 (15... hxg4 16. fxg4 Qd7 17. h5 (17. Bb5 Qc8)
17... Nh7 (17... Qc6 18. Bf3 e4 19. h6 exf3 20. hxg7 Ne4 21. Bf6 $1 $18) (17...
Bxg4 18. Bxf6 Bxf6 19. Ne4 Bd8 20. hxg6 fxg6 21. Qh6 Bxe2 22. Qxg6+ Qg7 23.
Qxg7+ Kxg7 24. Nxe2 Rc8 25. N2c3 $16)) 16. Bxf6 (16. Bb5 Qc8 17. Rc1 (17. gxh5
Nxh5 18. Be7 (18. Rc1 f6 $15) 18... Nc4 19. Bxc4 Qxc4 20. Nge2 Rfe8 $15) 17...
hxg4 18. Ne4 Qd8 19. Bxf6 Bxf6 20. h5 $13) 16... Bxf6 17. Ne4 (17. gxh5 Bf5 $13
) 17... Qd8 18. gxh5 Bxh4+ 19. Kf1 g5 (19... Nd5 $5) 20. Rxh4 gxh4 21. Qh6 f6 (
21... Nd5 $5) 22. Nh3 Bxh3+ 23. Kf2 f5 24. Rg1+ Bg4 25. Qg6+ Kh8 26. Qh6+ $11)
15. Rd1 (15. g4 $6 {Sakaev} e4 $1) 15... Be6 (15... Bd7 16. Nb5 $1 $36 {/\}
Nbd5 $2 17. Nc7 $18) 16. Nh3 (16. Nb5 $6 Nbd5 17. Bc4 a6 $1 {Kramnik,V (2770)
-Shirov,A (2700) Fontys Tilburg 1997 (2) 1-0 leads nowhere, so Kramnik decides
to finish his development. Shirov probably remembered his loss with Kramnik
last year, where he didn't find any suitable weapon against an advanced passed
pawn. (on e6) This time he decides to act fast.}) 16... Nc4 (16... Bxh3 {Sakaev
} 17. Rxh3 a6) 17. Bxc4 Bxc4 18. b3 (18. d7 Re7 19. Bxf6 (19. b3 $2 Be6) 19...
Bxf6 20. Ne4 (20. Nd5 $2 Bxh4+) 20... Bg7 {is inconclusive, as} (20... Bxh4+ $5
21. g3 Be6 22. Qh6 $5 Bxg3+ 23. Nxg3 Rxd7 $13) 21. Nc5 $2 e4 $1 22. fxe4 b6 $17
{doesn't work for White.}) 18... Ba6 $6 {Now there is no turning back.} ({
After the objectively maybe better} 18... Be6 19. Nf2 $36 {[%csl Gd6] o^d6 the
passed pawn is a powerhouse.} (19. Nf2 {Sakaev} Qd7 20. O-O (20. Bxf6 Bxf6 21.
Nfe4 Bd8 $1 (21... Bg7 22. Nd5 Bxd5 23. Qxd5 $16) 22. Nd5 Kg7) 20... Rac8 (
20... Nh7 21. Nfe4 f6 22. Be3 b6 $16) 21. Nfe4 $16)) 19. Nd5 $2 {A serious
tactical mistake, after which the sharp complications turn in Black's favour.}
(19. d7 $142 $1 {That leaves the speculative} Qxd7 $5 (19... e4 20. dxe8=Q+
Qxe8 21. Kf2 $18) (19... Rf8 20. Nd5 b6 (20... Bb5 21. Qb4 $5) 21. Nxf6+ (21.
Nf2 {Sakaev} Bb7 22. Nxf6+ Bxf6 23. O-O $18) 21... Bxf6 22. Qd6 $18) (19... Re7
20. Nd5 $1) ({Best is} 19... Re6 20. Nd5 $16 {[%cal Rd5c7,Yg5f6,Yh3g5] /\Bf6,
Ng5,Nc7!} e4 $6 21. Nhf4 e3 22. Nxe3 Re7 23. Nfd5 Nxd5 24. Qxd5 Bf6 25. Bxf6
Rxe3+ 26. Kf2 $18) 20. Qxd7 Nxd7 21. Rxd7 e4 22. Nxe4 (22. Nd5 $5 exf3+ 23.
Ne7+ Kh7 (23... Kf8 24. Kf2) 24. gxf3 f6 25. Be3 Rad8 $16 {If White wants to
avoid such complications, he has the simpler}) 22... f5 23. Nhf2 fxe4 24. Nxe4
Bb5 25. Rxb7 Bc6 26. Rc7 Bxe4 27. fxe4 Rxe4+ 28. Kd1 $16 {with a clear extra
pawn.}) (19. Nf2 $16 {Sakaev}) 19... e4 $1 20. Nxf6+ {Logical. Other solutions
are also insufficient, e.g.} (20. d7 exf3+ $1 21. dxe8=Q+ Qxe8+ 22. Qe3 (22.
Ne3 $2 Ne4) 22... Nxd5 23. Rxd5 fxg2 24. Rg1 Qc6 $5 $40) (20. Ne7+ Rxe7 (20...
Kh7 $5) 21. dxe7 Qxe7 22. Qd6 Qe8 $1 $17 {->~/=}) (20. f4 $2 e3 $1 21. Nxe3 Qb6
$19) 20... Bxf6 21. d7 Qb6 $3 ({Nonsense was, of course,} 21... Rf8 $2 22. fxe4
$18) ({A weaker, but playable possibility is} 21... Re6 $5 22. Bxf6 (22. Nf4 $6
e3 $1 23. Qb4 Qb6 $1 24. d8=Q+ (24. Qxb6 $2 Bc3+) 24... Rxd8 25. Rxd8+ Bxd8 26.
Qxb6 Bxb6 27. Nxe6 Ba5+ 28. Kd1 e2+ 29. Kc2 e1=Q 30. Rxe1 Bxe1 31. Nc5 Bf1 $15
{[%csl Ge1,Gf1] |^_|_^^}) 22... exf3+ 23. Kf2 Re2+ $1 (23... Rxf6 $6 24. gxf3 {
[%csl Gd7] o^d7}) 24. Qxe2 fxe2 25. Bxd8 exd1=Q 26. Rxd1 Rxd8 {mu neslubuje
viac, ako delbu bodu po} 27. a4 Kf8 28. Ng5 Ke7 29. Re1+ Kf8 30. Rd1 $11) (
21... e3 $13 {Sakaev}) 22. dxe8=Q+ (22. Bxf6 exf3+ 23. dxe8=Q+ Rxe8+ $19) 22...
Rxe8 {Black has fantastic piece play. White can barely save himself from mate,
but a dreary endgame awaits him.} 23. Qe3 $8 (23. f4 e3 $19 {[%cal Rb6b4,Rb6a5]
/\Qa5,Qb4}) (23. Be3 Bxh4+ $1 24. Nf2 exf3 $19) (23. Qd7 Bc3+ (23... Bb5 $5 $40
) 24. Rd2 Bb5 25. Qd5 e3 {/\} 26. Bxe3 Qxe3+ 27. Kd1 Be2+ 28. Kc2 Bxd2 $19 {->}
) 23... Bxg5 24. Qxb6 Bxh4+ 25. Kd2 (25. Nf2 exf3+ 26. Kd2 Re2+ 27. Kc3 axb6
28. Rxh4 Rxf2 $19) (25. Qf2 exf3+ 26. Kd2 Bxf2 27. gxf3 Be3+ 28. Kc2 Be2 $19 {
In both cases three pawns are too much for the exchange.}) 25... axb6 26. fxe4
$8 Rxe4 27. Kc2 Rg4 $17 {[%csl Ga6,Rg2,Gh4] _|_^^,><g2 Black has a huge
advantage and is close to winning.} 28. Rd2 (28. Rhg1 Bb5 {[%cal Rb5c6] /\Bc6})
28... Be7 $1 (28... Bb5 $143 $2 29. Nf2 Rf4 30. Nd3 $13 {enables either
repetition, or advantageous exchanges.}) 29. Rg1 Kg7 (29... Bb5 $5 $17) 30. Nf2
(30. a4 b5 {also doesn't keep the Ba6 out of play for long.}) 30... Rf4 (30...
Rg3 $143 31. Ne4 Re3 32. Nd6 $15) 31. Nd3 Re4 32. Rgd1 $6 (32. Nf2 Re6 $17 (
32... Re3 $5 $17)) ({A better chance to offer resistance was} 32. a4 $5 b5 (
32... Bg5 33. Rf2 Be3 34. Re1 (34. Re2 {Sakaev} f5 35. Rd1 f4 36. Ree1)) 33.
Re1 (33. a5 b4) 33... Rxe1 34. Nxe1 bxa4 35. bxa4 Bb4 36. Rd1 $17) 32... Bb5
33. a4 Bc6 34. Re1 $6 {The last mistake, after which White is dead lost. But
even after} (34. Nf2 Re3 {[%cal Re3g3] /\Rg3 or}) (34. Rf1 Bg5 35. Rdf2 f5 $19
{he could hardly save the game in the long run.}) 34... Rxe1 35. Nxe1 Bb4 36.
Re2 Bxe1 37. Rxe1 Bxg2 38. Kd2 (38. Rg1 Be4+ 39. Kd2 f5 40. Ke3 h4 41. Kf4 Kf6
42. b4 Bd5 $22) 38... h4 39. Ke3 Bd5 40. b4 (40. Kf4 {Even simpler is} Kf6 $1 (
40... Bxb3 41. Rb1 Bxa4 42. Kg4 (42. Rxb6 Bc6 43. Kg4 f5+ 44. Kxh4 Kf6) 42...
Bd7+ 43. Kxh4 b5 $19) 41. Kg4 g5 $19) 40... h3 41. Re2 f5 (41... g5 $19) 42.
Rd2 Be4 (42... Bg2 $5 43. Kf2 g5 44. Rd7+ Kf6 45. Rd6+ Ke5 46. Rxb6 f4 $19) 43.
Kf4 Bg2 44. Rd7+ (44. Kg3 g5) 44... Kf6 45. Rh7 (45. Rd6+ Ke7 46. Rxg6 h2)
45... g5+ 46. Kg3 f4+ 47. Kg4 Ke5 48. b5 {White has had enough. Black's K will
annihilate the remaining pawns and then help the advance of his own infantry.}
0-1

[Event "Dortmund SuperGM 26th"]
[Site "Dortmund"]
[Date "1998.06.29"]
[Round "4"]
[White "Kramnik, Vladimir"]
[Black "Adams, Michael"]
[Result "1/2-1/2"]
[WhiteElo "2790"]
[BlackElo "2670"]
[Annotator "Golod,V"]
[PlyCount "82"]
[EventDate "1998.06.26"]
[EventType "tourn"]
[EventRounds "9"]
[EventCountry "GER"]
[EventCategory "18"]
[SourceTitle "CBM 066"]
[Source "ChessBase"]
[SourceDate "1998.09.30"]
[SourceVersion "1"]
[SourceVersionDate "1998.09.30"]
[SourceQuality "1"]

1. d4 Nf6 2. c4 e6 3. Nc3 Bb4 4. Qc2 O-O 5. a3 Bxc3+ 6. Qxc3 b5 7. cxb5 (7. c5
Nd5 8. Qc2 Bb7 (8... f5 $5) 9. Nh3 $6 (9. e4 $5) 9... f5 10. f3 $2 Qh4+ 11. g3
Qxd4 $17 (11... Qe7 $2 12. Bg2 Nf6 $13 {1/2-1/2 Schandorff,L-Sammalvuo,T/KS
open, Copenhagen DEN 1998 (43)})) 7... c6 8. Bg5 (8. f3 cxb5 9. e4 a6 10. Bd3
Nc6 11. Ne2 Bb7 12. Bc2 {[%cal Gc3d3]} d6 13. O-O Rc8 14. Qd3 Qc7 15. Bb1 $14 {
0-1 Stefansson,H-Greger,R/Politiken Cup, Copenhagen DEN 1998 (52)}) 8... cxb5
9. e3 Bb7 (9... h6 10. Bh4 (10. Bxf6 Qxf6 11. Bxb5 Bb7 $44) 10... Bb7 11. Rc1
a6 12. Bxf6 Qxf6 13. Qc7 Bd5 14. Ne2 Bc4 15. Ng3 Bxf1 16. Nxf1 Qd8 17. Nd2 Nc6
18. Qxd8 Rfxd8 19. Ke2 Kf8 20. Rc2 Ke7 21. Rhc1 Rdb8 22. Nb3 Ra7 23. Rc5 Kd6
24. g4 $14 {1/2-1/2 Horvath,C-Winants,L/AKN Open, Haarlem NED 1998 (32)}) 10.
f3 (10. Nf3 {is the main line.See comments to Georgiev,K-Nikolic,Pr Bosnia 1998
}) 10... h6 (10... a6 11. Bd3 Nc6 12. Ne2 Rc8 13. O-O Ne4 14. Bxd8 Nxc3 15.
bxc3 Rfxd8 16. Rfb1 Ne7 17. a4 Nd5 18. axb5 axb5 19. Be4 (19. Ra7 $5) 19... f5
20. Bxd5 Bxd5 21. Rxb5 Bc4 22. Rb2 Bxe2 23. Rxe2 Rxc3 {1/2-1/2 Drasko,M-Barlov,
D/JUG-ch 1995}) 11. Bxf6 (11. Bh4 $5) 11... Qxf6 12. Nh3 Rc8 13. Qd2 a6 14. Bd3
d6 (14... d5 {[%cal Ge6e5]} 15. f4 {[%csl Rb7,Rc5,Re5]}) 15. O-O Nd7 16. Rad1 {
[%cal Gd3b1,Gf3f4,Ge3e4]} Nb6 (16... e5 $142 $5 17. Bb1 (17. dxe5 Nxe5 $36) (
17. d5 Bxd5 18. Bxb5 Nb6 $1 19. Be2 Bb3 $1 $15) 17... Nb6 (17... d5 $5)) 17. f4
$1 {[%cal Gd3b1,Ge3e4]} Rc7 (17... Nc4 $5 18. Qe2 d5 19. Nf2 Qe7) 18. Bb1 {
[%cal Ge3e4]} Nc4 19. Qe2 Rac8 20. e4 Qe7 {[%cal Ge6e5]} 21. f5 {[%cal Gf5f6] /
\f6} (21. e5 $5 $40 {[%cal Gh3f2,Gf2g4,Ge2d3]}) 21... exf5 $8 22. Rxf5 Re8 {
[%csl Re4]} (22... d5 23. e5 Nd6 24. Rff1 $1 (24. Rf4 Ne4 {[%cal Gc7c1]}) 24...
Ne4 25. Nf4 {[%cal Gf4d5] /\N:d5} (25. Nf2)) 23. Nf2 Bc8 24. Rf3 {[%cal Gf3g3,
Ge2h5]} a5 $5 25. Rg3 {[%cal Ge2h5]} f5 (25... Qh4 $5) 26. Qh5 f4 $5 (26...
fxe4 $2 27. Bxe4 {[%csl Rg8]}) (26... Nxb2 $1 27. Rf1 f4 28. Rf3 {[%cal Gh5b5,
Gf3f4]} (28. Rg6 $5) 28... Nc4 {[%cal Gc4d2]} 29. Ba2 $13) 27. Rc3 $1 {[%csl
Re8][%cal Gb2b3,Yc3c7,Gh5b5]} (27. Rf3 Nxb2 (27... Ne3 28. Re1 {[%csl Rb5,Rf4]}
) 28. Re1 (28. Rf1 Nc4 $1) 28... Nc4 $1 29. Qxb5 Bd7 30. Qh5 Qf6 {[%csl Rd4]})
27... b4 (27... Be6 $5 28. b3 Bf7 $8 (28... b4 $2 29. Rxc4 Bxc4 30. bxc4 bxa3
31. Ba2 $18 {[%cal Gd1d3]}) 29. Qxb5 Rb7 (29... Nxa3 30. Qxa5 Rxc3 31. Qxc3
Nxb1 32. Rxb1 $16) 30. bxc4 $1 Rxb5 31. cxb5 $14) 28. Rxc4 $1 Rxc4 29. Ba2 Be6
30. Bxc4 (30. d5 $4 Bf7) 30... Bxc4 31. Qxa5 d5 $1 32. e5 (32. exd5 $4 Qe1+ 33.
Rxe1 Rxe1#) 32... Rb8 $1 (32... bxa3 $5 33. Qxa3 Qxa3 34. bxa3 Ra8 35. Ra1 Ra4
{[%csl Ra3,Rd4]}) 33. axb4 f3 $1 {[%csl Rg1]} 34. Qc5 $1 (34. gxf3 Qg5+ 35. Kh1
(35. Ng4 h5) 35... Qe3 $40) (34. Qa3 $2 Be2 $1 35. Re1 Qg5 36. g3 Rc8 $1 {
[%csl Rg1][%cal Gc8c1]}) 34... Qg5 35. g3 Kh8 $5 (35... Kh7 $142 $1) 36. b3 $6
(36. Qd6 Rg8 $1 {[%cal Gc4e2] /\37...Be2 38.Ra1 Rc8!(Rc1)} 37. e6 Be2 (37...
Re8 $5) 38. Ra1 Qd2 $1 (38... Rc8 $2 39. Qf4 $1) 39. Qc5 (39. Qxd5 Rc8 $1 40.
h3 Rc1+ 41. Rxc1 Qxc1+ 42. Kh2 Qf1 43. Qa8+ Kh7 44. Qe4+ $11) 39... Qxb2 40.
Re1 (40. Rc1 Re8 $1) 40... Qd2 41. Ra1 (41. Rb1 Qe3 $1 42. Qxd5 $140 $2 Rc8 $1
43. h4 (43. e7 $8) 43... Bd3 $1 $19 (43... Rc1+ $2 44. Rxc1 Qxc1+ 45. Kh2 Qf1
46. Qa8+ Kh7 47. Qe4+ $11)) 41... Qb2 $11) 36... Bxb3 37. Rd3 $6 (37. Rb1 Ba2 (
37... Bc4 $5) 38. Ra1 (38. Rd1 Bb3) (38. Rc1 Bc4) 38... Bc4 $13 (38... Qd2 $5))
37... Bc4 38. Rd1 (38. Rxf3 $4 Qc1+ 39. Kg2 $140 Qf1#) 38... Qe3 $1 {[%cal
Gb8a8,Ga8a2]} 39. Qd6 $1 Ra8 40. Qc6 $1 (40. b5 $2 Bd3 $3 $19 {[%csl Gf5][%cal
Ga8a2] /\Ra2}) 40... Ra2 41. Qc8+ Kh7 (41... Kh7 42. Qf5+ Kg8 43. Qe6+ Kf8 44.
Qc8+ Kf7 45. Qd7+ (45. Qf5+ $4 Ke7 $19) (45. e6+ $4 Kg6 46. Qe8+ Kh7) 45... Kg6
46. Qe6+ Kh7 $8 47. Qf5+ $11) 1/2-1/2

[Event "Dortmund SuperGM 26th"]
[Site "Dortmund"]
[Date "1998.07.01"]
[Round "5"]
[White "Shirov, Alexei"]
[Black "Kramnik, Vladimir"]
[Result "0-1"]
[WhiteElo "2710"]
[BlackElo "2790"]
[Annotator "ChessBase"]
[PlyCount "128"]
[EventDate "1998.06.26"]
[EventType "tourn"]
[EventRounds "9"]
[EventCountry "GER"]
[EventCategory "18"]
[SourceTitle "CBM 066"]
[Source "ChessBase"]
[SourceDate "1998.09.30"]
[SourceVersion "1"]
[SourceVersionDate "1998.09.30"]
[SourceQuality "1"]

1. d4 Nf6 2. c4 e6 3. Nc3 Bb4 4. e3 O-O 5. Nge2 d5 6. a3 Be7 7. Nf4 c6 8. Bd3
dxc4 9. Bxc4 Nbd7 10. Qc2 (10. Nd3 c5 11. dxc5 $5 (11. Ba2 b6 12. O-O Bb7 13.
Qe2 $11 {1/2-1/2 Christiansen,L-Benjamin,J/USA-ch f 1997/CBM 61 (35)})) (10.
O-O e5 $11) 10... e5 11. Nfe2 exd4 12. Nxd4 Ne5 13. Be2 Bc5 14. Nf5 g6 15. Ng3
Bg4 16. O-O Bxe2 17. Ncxe2 Qe7 18. b3 Rad8 19. Bb2 Rfe8 20. Nd4 Bd6 21. h3 Ned7
22. Nge2 Qe4 23. Rac1 Qxc2 24. Rxc2 Be5 25. Bc1 Ne4 26. b4 Nb6 27. Nb3 Rd3 28.
Na5 Re7 29. g4 Nd6 30. Kg2 Nb5 31. Ra2 Nd5 32. Nc4 Bf6 33. Rd2 Rxd2 34. Nxd2 b6
35. Kf3 Bg7 36. Ne4 Kf8 37. a4 Nbc3 38. N2xc3 Nxc3 39. Nxc3 Bxc3 40. Ba3 Re6
41. Rc1 Bf6 42. b5+ c5 43. Rc4 Rd6 44. Ke2 Be7 45. Bb2 Rd7 46. Bc3 a6 47. bxa6
Ra7 48. Kd3 Rxa6 49. Ke4 Ra7 50. Kd5 Rd7+ 51. Kc6 Rd6+ 52. Kc7 $2 (52. Kb5 $14)
52... Re6 53. e4 Ke8 54. e5 Bd8+ 55. Kc8 $2 (55. Kb7 $11) 55... Re7 $1 56. f4
Rc7+ 57. Kb8 Kd7 58. e6+ (58. Z0 Kc6) 58... Kxe6 59. Re4+ Kd7 60. Be5 Rc6 61.
Ka7 $4 (61. Re1 $15) 61... Re6 $1 $19 62. Re1 Kc6 63. Rd1 Bc7 64. Ka6 Re8 0-1